Pensar las diferencias /
Guardado en:
| Autor Principal: | |
|---|---|
| Autor Corporativo: | |
| Formato: | Libro |
| Idioma: | Undetermined |
| Publicado: |
Buenos Aires :
Ministerio de Educación de la Nación,
2021.
|
| Series: | Colección Derechos Humanos, Género y ESI en la escuela
|
| Materias: | |
| Acceso en línea: | https://www.educ.ar/recursos/157478/coleccion-derechos-humanos-genero-y-esi-en-la-escuela |
| Etiquetas: |
Agregar Etiqueta
Sin Etiquetas, Sea el primero en etiquetar este registro!
|
| LEADER | 02090nam a22003135a 4500 | ||
|---|---|---|---|
| 001 | CEM.cems019536 | ||
| 008 | 220913s2021####ag############000#0#und#d | ||
| 005 | 20231122122839.0 | ||
| 245 | 1 | 0 | |a Pensar las diferencias / |c Jaime Perczyk. |
| 260 | |a Buenos Aires : |b Ministerio de Educación de la Nación, |c 2021. | ||
| 300 | |a 90 p. | ||
| 490 | 1 | |a Colección Derechos Humanos, Género y ESI en la escuela | |
| 500 | |a Existe versión digital PDF/A. | ||
| 500 | |a Archivo Digital: descarga y online. | ||
| 505 | 0 | |a Escuela, democracia y ciudadanía -- Introducción -- Diferencias en la escuela: reflexiones en torno a los conceptos de ostredad y alteridad -- ¿Qué significa pensar las diferencias? -- Alteridades históricas -- El pensamiento sobre las diferencias en la filosofía contemporánea -- Otredades y genocidios en el siglo XX -- Una mirada existencialista sobre las otredades y la alteridad -- La perspectiva de género -- Los orígenes de la antropología moderna -- La llamada "conquista de América" -- El proceso de constitución y consolidación nacional: los pueblos indígenas -- El proceso de constitución y consolidación nacional: las migraciones -- La alteridad en la escuela -- La escuela como institución del poder disciplinario -- La escuela como campo de disputa contra el póder disciplinario -- La pedagogía de la alteridad como ética docente -- El conflicto eterno entre los unos y los otros -- Propuestas de actividades para pensar las diferencias -- Recursero | |
| 020 | |a 9789500015189 | ||
| 100 | 1 | |a Perczyk, Jaime. | |
| 110 | 2 | |a Ministerio de Educación de la Nación. | |
| 653 | |a Derechos | ||
| 653 | |a Derechos Humanos | ||
| 653 | |a ESI | ||
| 653 | |a Educación Sexual Integral | ||
| 653 | |a Derechos del niño | ||
| 653 | |a Formación Docente | ||
| 653 | |a Género | ||
| 653 | |a Diferencias | ||
| 856 | |u https://www.educ.ar/recursos/157478/coleccion-derechos-humanos-genero-y-esi-en-la-escuela | ||
| 859 | |a CEMS |b BIB. CEMS - Agricultura |h 371.76 |i P412-11 |p A3538.23 |t Ej.1 | ||
| 859 | |a CEMS |b BIB. CEMS - 11 de abril |h 371.76 |i P412-11 |p 29367.22 |t Ej.1 | ||
